Probability and statistics: (Record no. 755548)

MARC details
000 -LEADER
fixed length control field 00427nam a2200157 4500
020 ## - INTERNATIONAL STANDARD BOOK NUMBER
ISBN 9789395161077
082 ## - DEWEY DECIMAL CLASSIFICATION NUMBER
Classification number 519.5
Item number RAO.P
084 ## - OTHER CLASSIFICATION NUMBER
Source of Number Colon Classification
100 ## - MAIN ENTRY--AUTHOR NAME
Personal name Rao,Dukkipati V
245 ## - TITLE STATEMENT
Title Probability and statistics:
Sub Title for scientists and engineers
250 ## - EDITION STATEMENT
Edition statement 2nd ed.
260 ## - PUBLICATION, DISTRIBUTION, ETC. (IMPRINT)
Place of publication NewDelhi:
Name of publisher New Age International,
Year of publication 2023.
300 ## - PHYSICAL DESCRIPTION
Number of Pages 520p.
942 ## - ADDED ENTRY ELEMENTS (KOHA)
Source of classification or shelving scheme Dewey Decimal Classification
Koha item type Gift
Holdings
Withdrawn status Lost status Source of classification or shelving scheme Damaged status Not for loan Home Library Current Location Shelving location Date acquired Full call number Accession Number Price effective from Koha item type
    Dewey Decimal Classification     Campus Library Kariavattom Campus Library Kariavattom General Stacks 31/01/2026 519.5 RAO.P UCLG1039 30/01/2026 Gift